000 01278pam a2200361 a 4500
001 2475
005 20250828155324.0
020 _a9780590047012
040 _aDLC
_cDLC
_dDLC
_beng
050 0 0 _aPZ7.P38448
082 0 0 _a813.54
100 1 _aPenn, Audrey
_d1947-
245 1 4 _aThe Kissing hand /
_cby Audrey Penn ; illustrations by Ruth E. Harper and Nancy M. Leak
250 _aFirst Scholastic printing, September 1998
260 _bWashington D.C. :
_aScholastic,
_c1993
300 _a28 unnumbered pages :
_bColor illustrations. ;
_c26 cm.
500 _aSequel: Pocket full of kisses.
505 _aM
520 _aWhen Chester the raccoon is reluctant to go to kindergarten for the first time, his mother teaches him a secret way to carry her love with him.
521 _a540 AD
_bLexile
521 _aM
_bRaz-Plus
650 1 _aSeparation anxiety
_vFiction.
650 1 _aMothers and sons
_vFiction.
650 1 _aRaccoons
_vFiction.
650 1 _aProcyonids
_vFiction.
650 1 _aForest animals
_vFiction.
650 1 _aKindergarten
_vFiction.
650 1 _aSchools
_vFiction.
700 1 _aHarper, Ruth E
_eillustrator
700 1 _aLeak, Nancy M
_eillustrator
906 _a7
_bcbc
_corignew
_d1
_eocip
_f19
_gy-gencatlg
942 _2ddc
_cBK
_n0
999 _c2475
_d2475